000 00587nam a22001457a 4500
005 20241217082648.0
008 240925b ||||| |||| 00| 0 eng d
082 _2DPer 370.105 M72 Jan-Dec 2012 v. 60-61
100 _aRapisora, Maribeth.
_eauthor.
_961646
245 _aBanghay aralin sa pagtuturo ng epp VI (paggawa ng bulaklak mula sa egg carton) /
_cMaribeth Rapisora.
260 _aPhilippines;
_bPublishers Association of the Philippines, Inc.,
_cJuly 2018.
300 _aVolume 66, pages 74-76,
_billustration.
700 _aRapisora, Maribeth.
_eauthor.
_961646
942 _2ddc
_cPER
999 _c21861
_d21861